Simulación de modelos financieros (Registro nro. 3264)

Detalles MARC
000 -LEADER
fixed length control field 01667 a2200229 4500
001 - CONTROL NUMBER
control field 40614
005 - DATE AND TIME OF LATEST TRANSACTION
control field 20260407155701.0
008 - FIXED-LENGTH DATA ELEMENTS--GENERAL INFORMATION
fixed length control field 260407a2015 arg spa d
003 - CONTROL NUMBER IDENTIFIER
control field AR-UNSa-BCEJYS
040 ## - CATALOGING SOURCE
Original cataloging agency AR-UNSa-BCEJYS
Language of cataloging spa
Transcribing agency AR-UNSa-BCEJYS
080 ## - UNIVERSAL DECIMAL CLASSIFICATION NUMBER
Universal Decimal Classification number 519.87
Common auxiliary subdivision Modelos matemáticos para la investigación operativa
020 ## - INTERNATIONAL STANDARD BOOK NUMBER
International Standard Book Number 978-987-1609-68-0
041 ## - LANGUAGE CODE
Language code of text/sound track or separate title spa
100 1# - MAIN ENTRY--PERSONAL NAME
Personal name Machain, Luciano
245 10 - TITLE STATEMENT
Title Simulación de modelos financieros
264 #1 - PRODUCTION, PUBLICATION, DISTRIBUTION, MANUFACTURE, AND COPYRIGHT NOTICE
Place of production, publication, distribution, manufacture Buenos Aires :
Name of producer, publisher, distributor, manufacturer Alfaomega
Date of production, publication, distribution, manufacture, or copyright notice 2015
300 ## - PHYSICAL DESCRIPTION
Extent xi, 512 p.
Dimensions 23 cm.
505 ## - FORMATTED CONTENTS NOTE
Formatted contents note 1. Presentación - 2. Introducción al proceso de decisión bajo condiciones de riesgo e incertidumbre - 3. Conceptos elementales de estadística - 4. Medidas de posición y de dispersión - 5. Distribuciones de probabilidad discreta - 6. Distribuciones de probabilidad continua - 7. Números aleatorios - 8. Análisis de sensibilidad tradicional - 9. Introducción a la simulación de Montecarlo - 10. Simulación de Montecarlo y análisis de sensibilidad con el software simular - 11. Utilizando la información histórica para determinar distribuciones de probabilidad - 12. Técnicas de pronóstico y predicción - 13. Análisis de optimización y simulación - 14. Problemas de decisión vinculados a la investigación de operaciones - 15. Proyección de estados financieros y valuación de acciones - 16. Modelos de portafolios de inversión - 17. Dinámica de precios y valuación de opciones - 18. Instrumentos financieros de renta fija
590 ## - LOCAL NOTE (RLIN)
Local note niveau_biblio:m niveau_hierar:0
856 41 - ELECTRONIC LOCATION AND ACCESS
Uniform Resource Identifier <a href="https://biblioeco.unsa.edu.ar/pmb/images/libros/L126140_.jpg">https://biblioeco.unsa.edu.ar/pmb/images/libros/L126140_.jpg</a>
Link text Imagen de portada
Electronic format type image/jpeg
942 ## - ADDED ENTRY ELEMENTS (KOHA)
Koha item type
Existencias
Withdrawn status Lost status Damaged status Not for loan Home library Current library Shelving location Date acquired Total checkouts Full call number Barcode Date last seen Price effective from Koha item type
        Biblioteca Prof. Eusebio Cleto del Rey Biblioteca Prof. Eusebio Cleto del Rey   07/04/2026   519.87 M149 L126138 07/04/2026 07/04/2026 Libro
        Biblioteca Prof. Eusebio Cleto del Rey Biblioteca Prof. Eusebio Cleto del Rey   07/04/2026   519.87 M149 L126139 07/04/2026 07/04/2026 Libro
        Biblioteca Prof. Eusebio Cleto del Rey Biblioteca Prof. Eusebio Cleto del Rey   07/04/2026   519.87 M149 L126140 07/04/2026 07/04/2026 Libro